| 000 | 00732nam a2200193 a 4500 | ||
|---|---|---|---|
| 003 | 0 | ||
| 005 | 20250415152248.0 | ||
| 008 | 060724s19uu xx 00 eng d | ||
| 050 |
_aPHS QR 115 _b.B67 2006 |
||
| 100 | _aBorromeo, Celina Julia C. | ||
| 245 |
_aThe Effectiveness of Moringa oleifera extract in inhibiting the growth of sewage water bacteria _cCelina Julia C. Borromeo. |
||
| 260 |
_aLas PiƱas City, Philippines : _bSouthville International School and Colleges, _c2006. |
||
| 300 |
_a33 pages : _billustrations ; _c28 cm. |
||
| 504 | _aIncludes bibliographical references. | ||
| 650 | _aMoringa oleifera. | ||
| 650 |
_aPlant extracts _xAntibacterial properties. |
||
| 650 |
_aSewage _xMicrobiology. |
||
| 942 |
_2lcc _cPASS |
||
| 999 |
_c97576 _d97576 |
||